Quizzes
Events
Quiz Creation
Community
Videos
Private Events
Remove Ads
Sign In
Join for FREE
Feedback
Dark Mode
Quiz Categories
Sports
Geography
Music
Movies
Television
Just For Fun
Miscellaneous
History
Literature
Language
Science
Gaming
Entertainment
Religion
Holiday
For Kids
Quiz Lab
Recent
Popular Today
Quiz Kudos Today
Editor Picks
Curator Picks
Quizzes by...
Day
Popularity
Type
Ratings
Length
Year
Community
Subscriptions
Recent Discussions
Orange Saloon
Badges
Playlists
Quests
Create
Leaderboards
Showdown
Live 5
Trivia Bingo
Activity
Puzzle Library
Sporcle Events
Private Events
Virtual Trivia
Globe League
Become a Host
Pub Owners
SporcleCon
Opinionation
Our Games
Videos
Blog
Mobile Apps
Partnerships
Remove Ads and Go Orange
Feedback
Sports
Athletes
MLB
NBA
NHL
NFL
Soccer
Sports Teams
WWE
NCAA
Football
Premier League
Basketball
Baseball
Hockey
Golf
Tennis
Cricket
Rugby
Auto Racing
Olympics
World Cup
Sports
Athletes
MLB
NBA
NHL
NFL
Soccer
Sports Teams
WWE
NCAA
Football
Premier League
Basketball
Baseball
Hockey
Golf
Tennis
Cricket
Rugby
Auto Racing
Olympics
World Cup
Random Quiz
Search Sporcle
×
Quiz Lab
Quiz Lab
Sports
Athletes
Type in answers that appear in a list
Type in answers that appear in a list
Classic
Best Score? Go Orange.
Slam Magazine cover athletes Stats
Can you name the Slam Magazine cover athletes?
By
mountieman31
15m
147 Questions
379 Plays
379 Plays
379 Plays
Comments
Comments
Give Quiz Kudos
Give Quiz Kudos
-
- Ratings
hide this ad
More Info
Replay
Link that replays current quiz
Next Quiz
Link to next quiz in quiz playlist
You Got
0%
They Got
Avg Score
70%
Avg Friend Score
Upgrade to see
Score Distribution
Jump to the score distribution portion of the page
Score
0/147
Timer
15:00
0
Plays Today
Issue Number
Athlete
% Correct
6
Michael Jordan
98.2%
12
Michael Jordan
98.2%
19
Michael Jordan
98.2%
27
Michael Jordan
98.2%
28
Michael Jordan
98.2%
50
Michael Jordan
98.2%
56
Michael Jordan
98.2%
100
Michael Jordan
98.2%
130
Michael Jordan
98.2%
139
Michael Jordan
98.2%
20
Scottie Pippen, Michael Jordan
97.4%
71
LeBron James
97.1%
78
LeBron James
97.1%
86
LeBron James
97.1%
93
LeBron James
97.1%
106
LeBron James
97.1%
116
LeBron James
97.1%
62
Sebastian Telfair, LeBron James
96%
123
Dwyane Wade, Greg Oden, Kevin Garnett, Kobe Bryant, LeBron James
96%
133
Shaquille O'Neal, LeBron James
96%
140
Dwyane Wade, LeBron James
96%
24
Kobe Bryant
93.4%
66
Kobe Bryant
93.4%
74
Kobe Bryant
93.4%
97
Kobe Bryant
93.4%
114
Kobe Bryant
93.4%
126
Kobe Bryant
93.4%
131
Kobe Bryant
93.4%
136
Kobe Bryant
93.4%
146
Kobe Bryant
93.4%
3
Shaquille O'Neal
93.1%
34
Shaquille O'Neal
93.1%
45
Shaquille O'Neal
93.1%
54
Shaquille O'Neal
93.1%
63
Shaquille O'Neal
93.1%
82
Shaquille O'Neal
93.1%
43
Shaquille O'Neal, Kobe Bryant
92.3%
129
LeBron James, Kobe Bryant
92.3%
94
Dwyane Wade, Shaquille O'Neal
91.8%
38
Kevin Garnett
90.2%
58
Kevin Garnett
90.2%
101
Dwyane Wade
90.2%
113
Kevin Garnett
90.2%
127
Dwyane Wade
90.2%
21
Stephon Marbury, Kevin Garnett
89.7%
77
Shaquille O'Neal, Allen Iverson, Kevin Garnett
89.7%
1
Larry Johnson
87.1%
18
Allen Iverson
87.1%
32
Allen Iverson
87.1%
Issue Number
Athlete
% Correct
55
Allen Iverson
87.1%
68
Allen Iverson
87.1%
84
Allen Iverson
87.1%
96
Allen Iverson
87.1%
107
Allen Iverson
87.1%
115
Carmelo Anthony, Allen Iverson
87.1%
125
Allen Iverson
87.1%
73
Carmelo Anthony
85.2%
105
Carmelo Anthony
85.2%
132
Carmelo Anthony
85.2%
10
Scottie Pippen
84.7%
87
Dwyane Wade, Ray Allen
83.6%
41
Vince Carter
83.1%
51
Vince Carter
83.1%
88
Vince Carter
83.1%
92
Steve Nash
82.8%
121
Paul Pierce
82.6%
59
Baron Davis, Paul Pierce
82.3%
119
Ray Allen, Kevin Garnett, Paul Pierce
82.3%
118
Dwight Howard
81.8%
134
Pau Gasol, Kobe Bryant, Andrew Bynum, Kevin Garnett, Kevin Durant, Dwight Howard
81.3%
142
LeBron James, Dwight Howard
81.3%
47
Tim Duncan
80.7%
72
Tim Duncan
80.7%
42
Allen Iverson, Jason Kidd
78.6%
46
Tracy McGrady
78.4%
64
Tracy McGrady
78.4%
83
Steve Francis, Tracy McGrady
78.1%
109
Shaquille O'Neal, Dirk Nowitzki
78.1%
31
Stephon Marbury
77.3%
48
Stephon Marbury
77.3%
35
Vince Carter, Paul Pierce, Jason Williams
76.3%
40
Chris Webber, Jason Williams
76.3%
120
Chris Paul
75.7%
124
Deron Williams, Chris Paul
75.7%
143
Derrick Rose
75.2%
104
Vince Carter, Chris Bosh
74.7%
81
Chauncey Billups
73.4%
85
Amare Stoudemire
73.4%
98
Dirk Nowitzki, Chauncey Billups
73.4%
75
Ben Wallace, Darko Milcic, Chauncey Billups, Rip Hamilton, Stephon Marbury, Shawn Marion, Amare Stoudemire
73.1%
103
Ben Wallace, Amare Stoudemire
73.1%
141
Kobe Bryant, Ron Artest, Pau Gasol
71.8%
23
Chris Webber
68.6%
53
Chris Webber
68.6%
70
Jason Kidd, Chris Webber
68.6%
111
Tony Parker
68.6%
76
Jermaine O'Neal, Karl Malone
68.3%
147
Blake Griffin
66.8%
Issue Number
Athlete
% Correct
144
John Wall
64.6%
33
Michael Jordan, Reggie Miller
64.4%
8
Penny Hardaway
62.8%
30
Penny Hardaway
62.8%
99
Greg Oden
61.5%
110
Kevin Durant, Greg Oden
61.2%
138
Jeff Green, Kevin Durant, Russell Westbrook, Al Horford, Joe Johnson, Josh Smith
60.2%
89
Ben Wallace, Tim Duncan, Tony Parker, Manu Ginobili
58.8%
44
Steve Francis
56.7%
69
Yao Ming, Steve Francis
56.7%
95
Dwight Howard, Sebastian Telfair
56.7%
26
Gary Payton
55.4%
67
Gary Payton
55.4%
108
Amare Stoudemire, Steve Nash, Shawn Marion
54.4%
7
Grant Hill
53.3%
17
Grant Hill
53.3%
102
Chris Paul, Gilbert Arenas
53%
90
Ron Artest
51.7%
145
Rajon Rondo
50.7%
13
Alonzo Mourning
50.1%
52
Alonzo Mourning
50.1%
16
Dennis Rodman
45.4%
49
Rasheed Wallace, Jerry Stackhouse
44.3%
2
Shawn Kemp
43.8%
14
Shawn Kemp
43.8%
37
Lamar Odom
43.8%
5
Tim Hardaway, Latrell Sprewell
41.2%
36
Latrell Sprewell
41.2%
80
Shaun Livingston, Dwight Howard, Marvin Williams, Sebastian Telfair, Josh Smith, Al Jefferson
41.2%
79
Kenyon Martin
40.9%
112
OJ Mayo
28.5%
122
Michael Beasley, Derrick Rose, OJ Mayo
28.5%
135
Brandon Jennings
25.9%
117
Derrick Rose, Eric Gordon, Michael Beasley
23.7%
4
John Starks
23.2%
11
Magic Johnson, Jerry Stackhouse, Damon Stoudamire
22.4%
91
Manu Ginobili, Tim Duncan, Robert Horry
19.3%
39
Kobe Bryant, Shareef Abdur-Rahim
16.6%
57
Elton Brand, Lamar Odom, Darius Miles
13.5%
22
Rafer 'Skip to my Lou' Alston
7.7%
9
Allen Iverson, Charles O'Bannon
4.5%
25
Kerry Kittles, Jayson Williams, Kendall Gill, Sam Cassell, Keith van Horn
4.5%
60
Kenyon Martin, Todd MacCulloch, Jason Kidd, Kerry Kittles, Keith van Horn
4.5%
128
Ricky Rubio, Brandon Jennings, John Wall, Lance Stephenson
3.4%
29
Chamique Holdsclaw
3.2%
137
Patick Patterson, John Wall, DeMarcus Cousins, Eric Bledsoe, John Calipari
1.6%
15
Class of 1996 NBA Draft
0.3%
65
Class of 2002 NBA Draft
0.3%
61
Dirk Nowkitzki
0%
Quiz Playlist
Details
Report
Send in Message
Add To Playlist
More Info:
slam magazine covers
Classic:
Type in answers that appear in a list
Last Updated: Feb 16, 2017
Quiz Scoreboard
CHALLENGE
Sign Up to Join the Scoreboard
Show All
Scores
Hide
Comments
May contain spoilers
Recently Published
College Basketball Coaching Resumes
by pancakes188
Sports
9m
Billboard Blitz: Fleetwood Mac
by CooCooCachoo
Music
15s
Presidents Visiting Landmarks
by Hejman
History
7m
More to Explore
Quiz From the Vault
Featured Blog Post
Where Did the Easter Bunny Come From?
hide this ad
You Might Also Like...
Tags
Athletes Quiz
Numbers Quiz
Cover
issue
Magazines
slam
team
Today's Top Quizzes in Sports
Browse Sports
hide this ad
Today's Top Quizzes in Athletes
Browse Athletes
Top Contributed Quizzes in Sports
1
2022 World Cup Stars
2
Les meilleurs buteurs des matchs entre le PSG et l’OM
3
FIFA Club World Cup Champions
4
Les entraîneurs de l'OM et du PSG au 21e siècle
5
Criteria MLB: Left Handed Sluggers
6
AFC Teams Reveal (Wrong Answers Minefield)
7
2023 MLB Unique Player Accomplishments
8
Players with Multiple 50 Home Run Seasons
9
5-to-1: FBS Animal Nicknames
10
5-to-1: UK Sports Teams
Explore More
Trending Topics
Disney
Kpop
NBA
Crossword
Marvel
Harry Potter
Anime
Pokémon
Song
Puzzle
NFL
Country
WWE
The Office
Soccer
hide this ad
More By:
mountieman31
Quiz
Plays
Rating
Category
Featured
Created
2000-2012 NCAA Men's Final Four MOP's
2,643
1.67
Sports
Apr 24, 2012
Ultimate NBA Alma Mater Quiz
618
4.33
Sports
Aug 13, 2012
Ultimate NFL Alma Mater Quiz 2
390
5.00
Sports
Oct 30, 2014
Slam Magazine cover athletes
379
1.40
Sports
Mar 11, 2011
Ultimate NBA Alma Mater Quiz 2
317
5.00
Sports
Oct 27, 2014
Go to Creator's Profile
Score Distribution
Quiz Creator Spotlight
mountieman31
Follow
Send a Message
Quizzes Created
-
Created Quiz Play Count
-
More By This Creator
Popular Quizzes Today
1
Find the US States - No Outlines Minefield
2
Find the Countries of Europe - No Outlines Minefield
3
The Countries of the World
4
Find the US States
5
Risky Map Clicking: Biggest States A-Z
6
US States
7
Popular People in 1961
8
Movies - When Are They Set?
More Sports Quizzes
Лучшие бомбардиры в топ-8
Quiz Lab
Trending Quizzes
Risky Map Clicking: Least Populous States A-Z
1-10 Letter G Words
1-10 Letter F Words
Risky Map Clicking: Next State Alphabetically
Risky Map Clicking: Biggest States A-Z
Recently Updated
Leaping Animals
pecheneg
Reality TV Shows (A-Z)
bhenderson79
Rickey Henderson's Hall of Fame Teammates
pecheneg
Champions League XIs: Arsenal
pecheneg
Quick Pick: Celebrities in WWE's Hall of Fame
aduchscher
A-Z Keypad Blitz II
pecheneg
Multiple Oscar Actors
pecheneg
Mystery Phrase Blitz: Oscar 'Best Actors'
pecheneg
F. Scott Fitzgerald Novels
LTH
Pick 3 Villains
ddd62291
Trending Topics
Harry Potter
Kpop
Marvel
Crossword
Anime
NBA
Disney
Country
Pokémon
Soccer
NFL
The Office
Song
Puzzle
WWE
Your Account Isn't Verified!
In order to create a playlist on Sporcle, you need to verify the email address you used during registration. Go to your
Sporcle Settings
to finish the process.
Report this User
Report this user for behavior that violates our
Community Guidelines
.
Details:
Send Report
Go to the Sporcle.com Mobile Site →
Comments